| 000 -LEADER |
| fixed length control field |
00878cam a2200241Ii 4500 |
| 020 ## - INTERNATIONAL STANDARD BOOK NUMBER |
| ISBN |
9782503549453 |
| 020 ## - INTERNATIONAL STANDARD BOOK NUMBER |
| ISBN |
2503549454 |
| 040 ## - CATALOGING SOURCE |
| Transcribing agency |
OHX |
| 082 04 - DEWEY DECIMAL CLASSIFICATION NUMBER |
| Classification number |
133 ECO 1959 C154 Or. |
| 245 00 - TITLE STATEMENT |
| Title |
Noms barbares I : |
| Remainder of title |
Formes et contextes d'une pratique magique / |
| 300 ## - PHYSICAL DESCRIPTION |
| Number of Pages |
426 pages : |
| Other physical details |
illustrations ; |
| Dimensions |
24 cm |
| 490 1# - SERIES STATEMENT |
| Series statement |
Bibliotheque de l'Ecole des hautes etudes. Section des sciences religieuses ; |
| 500 ## - GENERAL NOTE |
| General note |
International conference proceedings |
| 500 ## - GENERAL NOTE |
| General note |
Papers presented at Michel Tardieu's seminar, Coll©·ge de France, 2006-2008, and at meetings organized by Projet CENOB (Corpus des ©♭nonc©♭s de noms barbares) |
| 650 #0 - SUBJECT ADDED ENTRY--TOPICAL TERM |
| Topical Term |
Magic, Ancient |
| 650 #0 - SUBJECT ADDED ENTRY--TOPICAL TERM |
| Topical Term |
Imaginary languages |
| 650 #0 - SUBJECT ADDED ENTRY--TOPICAL TERM |
| Topical Term |
Theurgy |
| 650 #0 - SUBJECT ADDED ENTRY--TOPICAL TERM |
| Topical Term |
Incantations |
| 700 1# - ADDED ENTRY--PERSONAL NAME |
| Personal name |
Tardieu, Michel, |
| 700 1# - ADDED ENTRY--PERSONAL NAME |
| Personal name |
Kerchove, Anna Van den, |
| 700 1# - ADDED ENTRY--PERSONAL NAME |
| Personal name |
Zago, Michela, |
| 942 ## - ADDED ENTRY ELEMENTS (KOHA) |
| Koha item type |
ADB |
| 952 ## - LOCATION AND ITEM INFORMATION (KOHA) |
| Withdrawn status [LOCAL, KOHA] |
0 |
| 952 ## - LOCATION AND ITEM INFORMATION (KOHA) |
| Withdrawn status [LOCAL, KOHA] |
0 |